[Event "8th HD Bank Cup 2018"]
[Site "Hanoi VIE"]
[Date "2018.03.15"]
[Round "9.62"]
[White "Nguyen, Thi Mai Hung"]
[Black "Vaingorten, Yaaqov"]
[Result "1/2-1/2"]
[WhiteTitle "WGM"]
[BlackTitle "FM"]
[WhiteElo "2321"]
[BlackElo "2298"]
[WhiteFideId "12401676"]
[BlackFideId "2603918"]
[EventDate "2018.03.10"]

1. d4 e6 2. Bf4 f5 3. e3 Nf6 4. Nf3 g6 5. Bc4 Bg7 6. Nc3 d6 7. h3 Qe7 8. Qe2
Nbd7 9. g4 Nb6 10. Bd3 Bd7 11. O-O-O O-O-O 12. Rhg1 Rde8 13. Kb1 Rhf8 14. Bh2
Nbd5 15. Nxd5 Nxd5 16. Bc4 fxg4 17. hxg4 Qf6 18. Rg3 g5 19. Rf1 h6 20. Nd2 Nb6
21. Rf3 Qe7 22. Bb3 Rxf3 23. Qxf3 Bb5 24. c4 Bc6 25. Qe2 Rf8 26. Bg3 Be8 27. Rc1
Nd7 28. c5 dxc5 29. Qc4 e5 30. dxc5 Nb8 31. Ne4 Bg6 32. Ka1 Nc6 33. Rc3 1/2-1/2

[Event "8th HD Bank Cup 2018"]
[Site "Hanoi VIE"]
[Date "2018.03.15"]
[Round "9.63"]
[White "Swati, Ghate"]
[Black "Kwon, Sehyun"]
[Result "1-0"]
[WhiteTitle "WGM"]
[BlackTitle "CM"]
[WhiteElo "2249"]
[BlackElo "2169"]
[WhiteFideId "5003474"]
[BlackFideId "13203088"]
[EventDate "2018.03.10"]

1. e4 e5 2. Nf3 Nc6 3. Bc4 Nf6 4. d3 h6 5. c3 d6 6. Bb3 g6 7. O-O Bg7 8. Nbd2
O-O 9. Re1 Nh5 10. Nc4 Qf6 11. Ne3 Nf4 12. g3 Nh3+ 13. Kg2 Ne7 14. Qe2 g5 15.
Ng1 Nxg1 16. Rxg1 Qg6 17. Kh1 g4 18. f4 gxf3 19. Qxf3 Be6 20. g4 Qf6 21. Nf5
Nxf5 22. gxf5 d5 23. Qh5 1-0